header

Optimal control theory with aerospace applications (Record no. 121153)

MARC details
000 -LEADER
fixed length control field 02114nam a2200373 a 4500
082 04 - DEWEY DECIMAL CLASSIFICATION NUMBER
Classification number 629.132/6
100 1# - MAIN ENTRY--AUTHOR NAME
Personal name Ben-Asher, Joseph Z.,
245 10 - TITLE STATEMENT
Title Optimal control theory with aerospace applications
260 ## - PUBLICATION, DISTRIBUTION, ETC. (IMPRINT)
Place of publication Reston, Va. :
Name of publisher American Institute of Aeronautics and Astronautics, Inc.,
Year of publication c2010.
300 ## - PHYSICAL DESCRIPTION
Number of Pages xvii, 262 p. :
Other physical details ill.
490 1# - SERIES STATEMENT
Series statement AIAA education series
505 0# - FORMATTED CONTENTS NOTE
Formatted contents note Historical background -- Ordinary minimum problems : from the beginning of calculus to Kuhn-Tucker -- Calculus of variations : from Bernoulli to Bliss -- Minimum principle of Pontryagin and Hestenes -- Application of the Jacobi test in optimal control and neighboring extremals -- Numerical techniques for the optimal control problem -- Singular perturbation technique and its application to air-to-space interception -- Application to aircraft performance : Rutowski and Kaiser's techniques and more -- Application to rocket performance : the Goddard problem -- Application to missile guidance : proportional navigation -- Application to time-optimal rotational maneuvers of flexible spacecraft.
650 #0 - SUBJECT ADDED ENTRY--TOPICAL TERM
Topical Term Automatic pilot (Airplanes)
Topical Term Flight control.
Topical Term Guided missiles
856 40 - ELECTRONIC LOCATION AND ACCESS
Uniform Resource Identifier http://site.ebrary.com/lib/rucke/Doc?id=10516620

No items available.

© 2026 Rongo University
Contact us: librarian | system librarian | Rongo university